|
|
|
|
| LEADER |
00000nam0a2200000 4500 |
| 001 |
132308 |
| 005 |
20231101220345.0 |
| 010 |
|
|
|a 5080023074
|
| 020 |
|
|
|a RU
|b 92-18608
|
| 035 |
|
|
|a (RuTPU)RU\TPU\book\143256
|
| 090 |
|
|
|a 132308
|
| 100 |
|
|
|a 20080228d1992 d y0rusy5003 ca
|
| 101 |
1 |
|
|a rus
|c grc
|
| 102 |
|
|
|a RU
|
| 105 |
|
|
|a a z 000ay
|
| 200 |
1 |
|
|a Разрушение Трои
|e Из "Энеиды" Вергилия
|e Для среднего и старшего школьного возраста
|f В. А. Жуковский
|g худож. А. Дудин
|
| 210 |
|
|
|a Москва
|c Детская литература
|d 1992
|
| 215 |
|
|
|a 54,[1] с.
|c цв. ил.
|d 26 см
|
| 300 |
|
|
|a Вергилий, Публий Марон. Энеида
|
| 610 |
1 |
|
|a древнегреческая литература
|
| 675 |
|
|
|a Р1
|z rus
|
| 700 |
|
1 |
|a Жуковский
|b В. А.
|c русский поэт
|c академик Петербургской АН
|f 1783-1852
|g Василий Андреевич
|2 stltpush
|3 (RuTPU)RU\TPU\pers\1101
|9 499
|
| 702 |
|
1 |
|a Дудин
|b А.
|4 440
|
| 801 |
|
0 |
|a RU
|b RuMRKP
|c 19950417
|g psbo
|
| 801 |
|
1 |
|a RU
|b 63413507
|c 20080228
|g PSBO
|
| 801 |
|
2 |
|a RU
|b 63413507
|c 20080228
|g PSBO
|
| 942 |
|
|
|c BK
|